000 00523cam a2200217 i 4500
001 346472
005 20171218082448.0
008 761023s1977 ctu 001 0 eng
010 _a 76049988
020 _a0300019513
040 _aDLC
_cDLC
_dDLC
041 _aeng
043 _an-us---
080 _a340.0973 GIL
082 0 0 _a340.0973 GIL
100 1 _a14
101 _aJUR
245 1 4 _aThe ages of American law /
_cGrant Gilmore.
906 _a7
_bcbc
_corignew
_d1
_eocip
_f19
_gy-gencatlg
942 _2ddc
_cBK
999 _c39100
_d39100